Padmāvata. (Record no. 59463)

MARC details
000 -LEADER
fixed length control field 00549cam a22002171 4500
001 - CONTROL NUMBER
control field sa 64006004
003 - CONTROL NUMBER IDENTIFIER
control field DLC
005 - DATE AND TIME OF LATEST TRANSACTION
control field 20260227112036.0
008 - FIXED-LENGTH DATA ELEMENTS--GENERAL INFORMATION
fixed length control field 890621s1963 ii 000 0 hino
010 ## - LIBRARY OF CONGRESS CONTROL NUMBER
LC control number sa 64006004
035 ## - SYSTEM CONTROL NUMBER
System control number (OCoLC)19907768
040 ## - CATALOGING SOURCE
Original cataloging agency DLC
Transcribing agency WaU
Modifying agency DLC
042 ## - AUTHENTICATION CODE
Authentication code premarc
050 00 - LIBRARY OF CONGRESS CALL NUMBER
Classification number PK1947.9.M3
Item number P3 1963
100 0# - MAIN ENTRY--PERSONAL NAME
Personal name Malik Muhammad Jayasi,
Dates associated with a name active 1540.
245 10 - TITLE STATEMENT
Title Padmāvata.
260 ## - PUBLICATION, DISTRIBUTION, ETC.
Date of publication, distribution, etc. [1963]
300 ## - PHYSICAL DESCRIPTION
Extent 9, 52, 597 p.
Dimensions 23 cm.
500 ## - GENERAL NOTE
General note In Hindi.
700 1# - ADDED ENTRY--PERSONAL NAME
Personal name Gupta, Mātāprasāda,
Dates associated with a name 1909-1969.

No items available.

Powered by Koha